Z prvních dnů Charty

Bibliographic Details
Main Authors: Šimsa, Jiří (Author), Šimsová, Milena, 1932-2022 (Author)
Format: Article
Language:Czech

MARC

LEADER 00000naa a2200000uu 4500
001 vtls011092377
003 SK-MaSNL
005 20260302140515.0
008 220810|1997 xo |||||||||||||||||cze|
015 |a SNBRA 
035 |a (urnnbn)urn:nbn:sk:snk:ar-a0cri6 
035 |a (uuid)ef2a770d-8bff-4d42-90ca-2a6402e654bf 
035 |a urn:nbn:sk:snk-aavx74 
040 |a SNKBUCL  |b slo  |c SNKBUCL  |e AACR2 
041 0 |a cze 
044 |a xo  |c SK 
100 1 |a Šimsa, Jiří  |4 aut  |9 826840 
245 1 0 |a Z prvních dnů Charty  |c Jiří Šimsa, Milena Šimsová 
700 1 |a Šimsová, Milena,  |d 1932-2022  |4 aut  |9 233526 
773 0 |t Charta 77 očima současníků : po dvaceti letech  |d Praha : Ústav pro soudobé dějiny AV AČR, 1997  |g S. 171-174  |z 8085270587 
954 |a odborná, vedecká literatúra cudzojazyčná (svetová)  |2 lita 
958 |a OND 
958 |a article12 
958 |a chapter 
999 |c 1331069  |d 1332999